000 00503cam a22002171 4500
001 sa 66007648
003 DLC
005 20260227112306.0
008 890926s1965 xx 000 0 urd
010 _asa 66007648
035 _a(OCoLC)23539470
040 _aDLC
_cMiU
_dDLC
042 _apremarc
050 0 0 _aBP193
_b.S55
100 1 _aSiddiqi, Ozair Ahmed,
_d1919-
245 1 0 _aSabāā sabz bāgh.
260 _c1965
300 _a208 p.
_c22 cm.
500 _aIn Urdu.
650 0 _aShiites
999 _c71306
_d71306